000 00330 a2200133 4500
000 nam a22 7a 4500
100 _aScott F. Gilbert
110 _aScott F. Gilbert
245 _aDevelopmental Biology
250 _alatest
260 _bSinauer Associates Inc
_c2026
264 _bSinauer Associates Inc
_c2026
942 _cBK
999 _c394906
_d394906